Colleges of the University of Oxford - Statistics

General Stats
  • This quiz has been taken 318 times
    277 since last reset
  • The average score is 31 of 44
Answer Stats
Answer % Correct
Magdalen College
91%
Christ Church
90%
Balliol College
87%
Jesus College
87%
St John's College
87%
Corpus Christi College
85%
Trinity College
85%
Brasenose College
84%
New College
81%
St Hilda's College
81%
Merton College
80%
All Souls College
79%
Lincoln College
79%
St Anne's College
79%
St Catherine's College
79%
The Queen's College
79%
Worcestor College
79%
Exeter College
78%
University College
78%
Keble College
77%
Oriel College
76%
Pembroke College
76%
St Peter's College
76%
St Hugh's College
75%
Lady Margaret Hall
74%
Wadham College
74%
St Edmund Hall
72%
Somerville College
70%
Mansfield College
69%
Hertford College
67%
Kellogg College
63%
St Antony's College
62%
Wolfson College
62%
Nuffield College
61%
Linacre College
60%
Green Templeton College
59%
Harris Manchester College
59%
Reuben College
57%
St Cross College
56%
Blackfriars
53%
Regent's Park College
53%
Wycliffe Hall
48%
Campion Hall
40%
St Stephen's House
40%
No matching quizzes found
Score Distribution
Percent of People with Each Score
Percentile by Number Answered
Your Score History
You have not taken this quiz since the last reset